| 000 | 00614 a2200181 4500 | ||
|---|---|---|---|
| 020 | _a0333233565 | ||
| 020 | _a9780333233566 | ||
| 090 |
_c2632 _d2632 |
||
| 100 | 1 | _aMcCosh, Andrew M. | |
| 245 | 1 | 0 |
_aAccounting control and financial strategy / _cAndrew M. McCosh. |
| 260 |
_a[S.l.] : _bMacmillan, _c1978. |
||
| 300 | _a192 p. | ||
| 500 | _aPaperback. | ||
| 700 | 1 | _aEarl, Michael J. | |
| 856 | 4 | 0 |
_3Amazon.com _uhttp://www.amazon.com/exec/obidos/ASIN/0333233565/chopaconline-20 |
| 856 | 4 | 0 |
_3Amazon customer reviews _uhttp://www.chopac.org/cgi-bin/tools/azrev.pl?q=0333233565 |
| 942 |
_aNBS _cBK _k658.150722 ACC |
||
| 999 |
_c345125 _d345125 |
||